Green economy: Oppercunities and challenges International perspective (Record no. 29776)
[ view plain ]
| 000 -LEADER | |
|---|---|
| fixed length control field | 00494nam a2200169Ia 4500 |
| 008 - FIXED-LENGTH DATA ELEMENTS--GENERAL INFORMATION | |
| fixed length control field | 230917s9999||||xx |||||||||||||| ||und|| |
| 020 ## - ISBN | |
| Price | RS1295 |
| 040 ## - CATALOGING SOURCE | |
| -- | 249768 |
| Original cataloging agency | VIVEKANANDA LIBRARY |
| 041 ## - Language | |
| -- | English |
| 082 ## - DDC NUMBER | |
| Classification number | 658.4083 D537G |
| 100 ## - MAIN ENTRY--PERSONAL NAME | |
| Personal name | Dhingra, Ishwar C |
| 245 #0 - TITLE STATEMENT | |
| Title | Green economy: Oppercunities and challenges International perspective |
| 260 ## - PUBLICATION, DISTRIBUTION, ETC. (IMPRINT) | |
| Place of publication, distribution, etc | New Delhi |
| Name of publisher, distributor, etc | Manakin Press |
| Date of publication, distribution, etc | 2018 |
| 300 ## - PHYSICAL DESCRIPTION | |
| Pages | xiv, 434 p. |
| 500 ## - GENERAL NOTE | |
| General note | 3392 02/01/2019 RK18/1437 03/09/2018 Main Budget |
| 942 ## - ADDED ENTRY ELEMENTS (KOHA) | |
| Koha item type | Books |
| Withdrawn status | Lost status | Damaged status | Not for loan | Location (home branch) | Sublocation or collection (holding branch) | Date acquired | Koha issues (times borrowed) | Koha full call number | Accession No. | Koha date last seen | Koha item type | Shelving location |
|---|---|---|---|---|---|---|---|---|---|---|---|---|
| VIVEKANANDA LIBRARY | VIVEKANANDA LIBRARY | 19/09/2018 | 658.4083 D537G | 385056 | 17/09/2023 | Books | ||||||
| VIVEKANANDA LIBRARY | VIVEKANANDA LIBRARY | 19/09/2018 | 658.4083 D537G | 385057 | 17/09/2023 | Books | ||||||
| VIVEKANANDA LIBRARY | VIVEKANANDA LIBRARY | 19/09/2018 | 658.4083 D537G | 385058 | 17/09/2023 | Books | ||||||
| VIVEKANANDA LIBRARY | VIVEKANANDA LIBRARY | 19/09/2018 | 658.4083 D537G | 385059 | 17/09/2023 | Books | ||||||
| VIVEKANANDA LIBRARY | VIVEKANANDA LIBRARY | 19/09/2018 | 658.4083 D537G | 385060 | 17/09/2023 | Books | ||||||
| VIVEKANANDA LIBRARY | VIVEKANANDA LIBRARY | 19/09/2018 | 658.4083 D537G | 387535 | 17/09/2023 | Books | IMSAR Library |
